000 00367nam a2200121Ia 4500
008 231129s9999||||xx |||||||||||||| ||spa||
020 _a958-614-254-X
082 _aGOR- 001
100 _aAlape Arturo ... [et al.]
245 0 _aI Historia polí­tica 1886-1946
264 _aBogotá: Planeta Colombiana 1989
942 _2ddc
_cBKS
999 _c15521
_d15521